00978nam a2200253Ia 450000500170000000800370001702000180005408200170007210000220008924501310011125000220024230000480026450000540031253400330036665000330039965000340043265000640046670000390053026400320056933600270060133700330062833800280066104000350068920220317001545.0161108s2014 sp o g 000 0 s a978843421055404a540.78bH23c1 aHeinecke, Liz Lee10aCiencia para niñosb52 experimentos aptos para toda la familia y en casacLiz Heinecke ; traducción Oriol Ubach Borbonés aPrimera edición a144 páginasbfotografías a colorc22 cm aIncluye recursos y nota biográfica de la autora tKitchen science LAB for kids142LEMBaFísicaxExperimentos142LEMBaQuímicaxExperimentos142LEMBaExperimentación científicaxEnseñanza elemental1 aUbach Borbonés, Orioletraductor aBarcelonabParramónc2014 atextobtxt2rdacontent asin mediaciónbn2rdamedia avolumenbnc2rdacarrier aCO-BoRNBPbspaerdacCO-BoRNBP